|
|
|
|
| LEADER |
00000nam0a2200000 4500 |
| 001 |
40631 |
| 005 |
20231031013204.0 |
| 010 |
|
|
|a 521104312X
|
| 035 |
|
|
|a (RuTPU)RU\TPU\book\41689
|
| 090 |
|
|
|a 40631
|
| 100 |
|
|
|a 20020520d2001 k y0rusy50 ca
|
| 101 |
0 |
|
|a rus
|
| 102 |
|
|
|a RU
|
| 105 |
|
|
|a a z 000zy
|
| 200 |
1 |
|
|a Финансовая математика : Введение в классическую теорию
|f С. В. Жуленев
|
| 210 |
|
|
|a Москва
|c Изд-во МГУ
|d 2001
|
| 215 |
|
|
|a 480 с.
|c ил.
|
| 610 |
1 |
|
|a экономика
|
| 610 |
1 |
|
|a финансы
|
| 610 |
1 |
|
|a финансовая математика
|
| 610 |
1 |
|
|a простые проценты
|
| 610 |
1 |
|
|a сложные проценты
|
| 610 |
1 |
|
|a ставки
|
| 610 |
1 |
|
|a стоимость
|
| 610 |
1 |
|
|a платежи
|
| 610 |
1 |
|
|a ренты
|
| 610 |
1 |
|
|a кредиты
|
| 610 |
1 |
|
|a погашение
|
| 610 |
1 |
|
|a ссуды
|
| 610 |
1 |
|
|a деньги
|
| 610 |
1 |
|
|a накопление
|
| 610 |
1 |
|
|a дисконт
|
| 610 |
1 |
|
|a займы
|
| 610 |
1 |
|
|a капиталовложения
|
| 610 |
1 |
|
|a доходность
|
| 610 |
1 |
|
|a инфляция
|
| 610 |
1 |
|
|a ценные бумаги
|
| 610 |
1 |
|
|a оценка
|
| 610 |
1 |
|
|a упражнения
|
| 610 |
1 |
|
|a решения
|
| 610 |
1 |
|
|a учебные пособия
|
| 686 |
|
|
|a У9(2)262.3
|v LBC/SL-A
|2 rubbk
|
| 700 |
|
1 |
|a Жуленев
|b С. В.
|g Сергей Викторович
|
| 801 |
|
1 |
|a RU
|b 63413507
|c 20020520
|g PSBO
|
| 801 |
|
2 |
|a RU
|b 63413507
|c 20030127
|g PSBO
|
| 942 |
|
|
|c BK
|